Finansy i strukturnaja perestrojka ekonomiki.

Rovnováha, dynamika a efektívnosť ako ciele ďalšieho rozvoja čs. ekonomiky v rámci prestavby hospodárskeho mechanizmu. Dva smery rozvoja ekonomiky (intenzifikácia a reštrukturalizácia) na báze využívania tovarovo-peňažných vzťahov. Najdôležitejšie národohospodárske väzby. Investičná a odpisová polit...

Ausführliche Beschreibung

Gespeichert in:
Bibliographische Detailangaben
1. Verfasser: Vavro, Adrián
Format: Buchkapitel
Sprache:Russisch
Schlagworte:
Tags: Tag hinzufügen
Keine Tags, Fügen Sie das erste Tag hinzu!

MARC

LEADER 00000naa a2200000 4500
001 r001174
005 20220819191622.2
041 0 |a rus 
044 |a [SU] 
245 1 0 |a Finansy i strukturnaja perestrojka ekonomiki.  |c Adrián Vavro 
520 |a Rovnováha, dynamika a efektívnosť ako ciele ďalšieho rozvoja čs. ekonomiky v rámci prestavby hospodárskeho mechanizmu. Dva smery rozvoja ekonomiky (intenzifikácia a reštrukturalizácia) na báze využívania tovarovo-peňažných vzťahov. Najdôležitejšie národohospodárske väzby. Investičná a odpisová politika. Sústava daní a odvodov. Rozpočtové dotácie. Úverová sústava. 
610 2 0 |a mechanizmus hospodársky 
610 2 0 |a financie 
610 2 0 |a intenzifikácia 
610 2 0 |a zmeny štruktúrne 
610 2 0 |a vzťahy tovarovo-peňažné 
610 2 0 |a politika investičná 
610 2 0 |a politika odpisová 
610 2 0 |a sústava daňová 
610 2 0 |a sústava odvodov 
610 2 0 |a dotácie 
610 2 0 |a sústava úverová 
610 2 0 |a ČSFR 
100 1 |a Vavro, Adrián